Emojilippuja - Statistics

Yleistilastot
  • Tätä visaa on pelattu 680 kertaa
  • Keskiarvotulos 22 / 28
Vastaustilastot
Lippu Tyyppi Vastaus % Oikein
Valtio Ranska
99%
Valtio Yhdysvallat
98%
Valtio Espanja
97%
Valtio Kanada
97%
Valtio Puola
97%
Valtio Tanska
96%
Valtio Irlanti
95%
Valtio Argentiina
94%
Pääkaupunki Pariisi
94%
Pääkaupunki Madrid
89%
Pääkaupunki Washington DC
89%
Valtio Kroatia
88%
Pääkaupunki Kööpenhamina
87%
Valtio Kenia
84%
Pääkaupunki Varsova
83%
Valtio Bulgaria
81%
Pääkaupunki Dublin
81%
Pääkaupunki Ottawa
79%
Valtio Vietnam
78%
Valtio Marokko
74%
Valtio Malesia
69%
Pääkaupunki Sofia
69%
Pääkaupunki Buenos Aires
66%
Pääkaupunki Zagreb
64%
Pääkaupunki Nairobi
55%
Pääkaupunki Hanoi
50%
Pääkaupunki Kuala Lumpur
47%
Pääkaupunki Rabat
42%
Ehtoja vastaavia visoja ei löytynyt
Tulosjakauma
Jokaisen tuloksen saaneiden osuus
Persentiili vastausten määrän mukaan
Tuloshistoriasi
Et ole pelannut tätä visaa